000 01253cam a2200349 i 4500
001 26021
003 Mx-PuUPA
005 20250428122531.0
008 140415s2015 mx a gr c 000 0bspa d
020 _a9786074046199
040 _aMx-PuUPA
_cMx-PuUPA
_bspa
_dMx-PuUPA
_erda
041 1 _aspa
_heng
100 1 _aCharles, Victoria,
_915032
_eautor
240 1 0 _aDalí.
_lEspañol
245 1 0 _aDalí :
_b(1904-1989) /
_cVictoria Charles
264 1 _aNaucalpan, Edo. de México :
_bAdvanced Marketing,
_c©2015
300 _a255 páginas :
_bilustraciones (en color) ;
_c17 cm
336 _2rdacontent
_atexto
_btxt
337 _2rdamedia
_asin medio
_bn
338 _2rdacarrier
_avolumen
_bnc
600 1 4 _aDalí, Salvador
_d1904 - 1989
_xCrítica e interpretación
600 1 4 _aDalí, Salvador,
_d1904 - 1989
_vCatálogos
650 7 _913986
_2armarc
_aPintura española
_vCatálogos
650 7 _2armarc
_aPintores españoles
_ySiglo XX
650 7 _2armarc
_aSurrealismo (Pintura)
765 0 _aCharles, Victoria,
_tDalí.
942 _2ddc
_cLI
_h759.60904
_iD3618
999 _c26021
_d26021